Capitals That Start With the Same Letter as Their Continent - Statistics

General Stats
  • This quiz has been taken 58 times
  • The average score is 12 of 15
Answer Stats
Answer % Correct
Santiago
98%
Accra
94%
Sucre
94%
Addis Ababa
90%
Amman
88%
Abuja
84%
Algiers
84%
Astana
82%
Apia
80%
Nassau
80%
Ashgabat
78%
Abu Dhabi
76%
Ankara
74%
Antananarivo
74%
Asmara
64%
No matching quizzes found
Score Distribution
Percent of People with Each Score
Percentile by Number Answered
Your Score History
You have not taken this quiz